000 00630nam a2200217 a 4500
001 43518
003 BD-RjUL
005 20211209053717.0
008 160622s1972 ii a b 000 0 eng
035 _a(BD-RjUL)43636
040 _aDLC
_cDLC
_dBD-RjUL
_beng
041 _aeng
082 0 0 _a332.66
_223
_bSAR 1972
100 1 _aSaksena, R. M.
_q(Ram Mohan),
_d1943-
_9133687
245 1 0 _aRegional development banking /
_cR. M. Saksena.
260 _aBombay :
_bSomaiya Publications,
_cc1972
300 _ax, 124 p. :
_bill. ;
_c22 cm.
504 _aIncludes Bibliography.
650 0 _aDevelopment banks.
_9129975
942 _2ddc
_cBK
999 _c43518
_d43518